00679nam a22002297a 450000500170000001000260001702000260004302000230006903500130009203500130010503700130011803700100013108200120014124500840015326000420023727000540027930000260033350000190035970000290037870000210040770000210042820100730150334.0 aENG-97428 G-001341 a9788172112707c600.00 a817211270Xc600.00 aEN-80961 aG-001341 bDBAD/PUB bGift  a401.802 aLanguage and grammer /cedited by Bhaswati B. Chakrabarti [and] Koushik Joardar aNew DelhibNorthern Book Centrec2009 a4221/1, Ansari Road, DaryaganjbNew Delhie110002 axiv, 114p.c23cm (Hb) aIncludes index aChakrabarti, Bhaswati B. aJoardar, Koushik aJoardar, Koushik